[Event "SR 2. liga A 2002/2003"]
[Site "?"]
[Date "2003.03.16"]
[Round "11.2"]
[White "Machalova, Maria"]
[Black "Janos, Martin"]
[Result "1-0"]
[WhiteElo "2153"]
[BlackElo "2175"]
[PlyCount "79"]
[EventDate "2002.??.??"]

1. c4 e5 2. Nc3 Nc6 3. g3 Nf6 4. Bg2 g6 5. d3 Bg7 6. e3 d6 7. Nge2 Bg4 8. h3
Be6 9. Nd5 Qd7 10. Rb1 Nd8 11. Nxf6+ Bxf6 12. b4 O-O 13. Bb2 Bg7 14. f4 c6 15.
Qc2 f6 16. g4 Rc8 17. c5 b6 18. d4 exf4 19. Nxf4 Bxa2 20. Ra1 Bf7 21. O-O dxc5
22. dxc5 Ne6 23. Rfd1 Qb7 24. Nxe6 Bxe6 25. Rd6 Qe7 26. Bd4 bxc5 27. Bxc5 Rf7
28. Bxc6 f5 29. Rxa7 Qxd6 30. Bxd6 Rxa7 31. Qc5 Ra1+ 32. Kh2 fxg4 33. hxg4 Kh8
34. Be5 Ra2+ 35. Kg3 Kg8 36. Bxg7 Kxg7 37. Qe5+ Kf7 38. Bd5 Ra6 39. Bb7 Rb6 40.
Bxc8 1-0

[Event "SR 2. liga A 2002/2003"]
[Site "?"]
[Date "2003.03.16"]
[Round "11.2"]
[White "Sukuba, Zdeno"]
[Black "Michal, Silvio"]
[Result "1/2-1/2"]
[WhiteElo "2108"]
[BlackElo "2168"]
[PlyCount "44"]
[EventDate "2002.??.??"]

1. Nf3 Nf6 2. c4 c5 3. g3 Nc6 4. Bg2 g6 5. O-O Bg7 6. Nc3 O-O 7. d4 cxd4 8.
Nxd4 Nxd4 9. Qxd4 d6 10. Qd2 Rb8 11. b3 Bd7 12. Bb2 Bc6 13. Nd5 Bxd5 14. cxd5
Qd7 15. Rac1 Rfc8 16. Rxc8+ Rxc8 17. Rc1 Rxc1+ 18. Qxc1 Ne8 19. Bxg7 Nxg7 20.
Qc3 Ne8 21. e4 Qc7 22. Qxc7 Nxc7 1/2-1/2

[Event "SR 2. liga A 2002/2003"]
[Site "?"]
[Date "2003.03.16"]
[Round "11.2"]
[White "Veres, R."]
[Black "Smolen, Jan"]
[Result "0-1"]
[WhiteElo "2228"]
[BlackElo "2148"]
[PlyCount "84"]
[EventDate "2002.??.??"]

1. e4 c5 2. Nf3 Nc6 3. d3 g6 4. g3 Bg7 5. Bg2 e5 6. O-O Nge7 7. Nbd2 O-O 8. a4
d6 9. c3 Rb8 10. Nc4 b6 11. Bd2 a6 12. Ne1 b5 13. axb5 axb5 14. Ne3 Qb6 15. Kh1
Kh8 16. f4 exf4 17. gxf4 f5 18. Nf3 Be6 19. Ng5 Bg8 20. Nd5 Qd8 21. Re1 h6 22.
Nxe7 Nxe7 23. Nf3 c4 24. Nd4 cxd3 25. exf5 Bxd4 26. cxd4 Nxf5 27. d5 b4 28. Ra4
Qh4 29. Rxb4 Ng3+ 30. Kg1 Ne2+ 31. Rxe2 dxe2 32. Qxe2 Rxb4 33. Bxb4 Qxf4 34.
Bc3+ Kh7 35. Qe7+ Rf7 36. Qe1 Ra7 37. Qd1 Qa4 38. Qxa4 Rxa4 39. Kf2 Rh4 40. h3
Rh5 41. Bb4 Bxd5 42. Bxd6 Rf5+ 0-1

[Event "SR 2. liga A 2002/2003"]
[Site "?"]
[Date "2003.03.16"]
[Round "11.3"]
[White "Janos, Ivan"]
[Black "Faltan, Peter"]
[Result "1/2-1/2"]
[WhiteElo "2137"]
[BlackElo "2148"]
[PlyCount "36"]
[EventDate "2002.??.??"]

1. e4 e5 2. Nf3 Nc6 3. Bb5 a6 4. Ba4 Nf6 5. O-O b5 6. Bb3 Nxe4 7. d4 d5 8. dxe5
Be6 9. Be3 Bc5 10. Qe2 Qe7 11. Rd1 Rd8 12. c3 O-O 13. Nbd2 Bg4 14. Nxe4 dxe4
15. Bxc5 Qxc5 16. Qxe4 Bxf3 17. Qxf3 Nxe5 18. Rxd8 Rxd8 1/2-1/2

[Event "SR 2. liga A 2002/2003"]
[Site "?"]
[Date "2003.03.16"]
[Round "11.3"]
[White "Janos, Jozef"]
[Black "Machalova, Veronika"]
[Result "1-0"]
[WhiteElo "2185"]
[BlackElo "2146"]
[PlyCount "117"]
[EventDate "2002.??.??"]

1. e4 c5 2. Nf3 e6 3. d4 cxd4 4. Nxd4 a6 5. Bd3 Qc7 6. O-O Nf6 7. c4 d6 8. Kh1
Nbd7 9. f4 Nc5 10. Nc3 Nxd3 11. Qxd3 Be7 12. Bd2 O-O 13. Rae1 b6 14. b3 Bb7 15.
f5 e5 16. Nc2 Rac8 17. Ne3 Qc5 18. Ned5 Bxd5 19. exd5 Qc7 20. Qg3 Kh8 21. a4
Qd8 22. Qh3 Nd7 23. Ne4 Bh4 24. f6 Bxf6 25. Nxd6 Rb8 26. Ne4 Bh4 27. g3 Be7 28.
d6 Bf6 29. b4 Qc8 30. Rc1 Qc6 31. Qg2 Qxa4 32. c5 bxc5 33. Nxc5 Nxc5 34. bxc5
Qd4 35. Be1 e4 36. Bc3 Qd5 37. Rxf6 gxf6 38. Bxf6+ Kg8 39. Qh3 e3+ 40. Kg1 Qe4
41. Qh6 Qg6 42. Qxg6+ fxg6 43. Bg5 Kf7 44. c6 Ke6 45. d7 e2 46. Kg2 Ra8 47. Bf4
Rxf4 48. gxf4 Kd6 49. Kf2 a5 50. Kxe2 a4 51. Kf3 a3 52. Kg4 Kc7 53. Kg5 a2 54.
Ra1 Ra6 55. Kh6 Rxc6 56. Rxa2 Kxd7 57. Kxh7 Rf6 58. Ra4 Ke7 59. Kg7 {
dalsie tahy ani jeden zo superov nezapisal} 1-0

[Event "SR 2. liga A 2002/2003"]
[Site "?"]
[Date "2003.03.16"]
[Round "11.3"]
[White "Miklas, Marian"]
[Black "Kubis, Ivan"]
[Result "1/2-1/2"]
[WhiteElo "2172"]
[BlackElo "2105"]
[PlyCount "23"]
[EventDate "2002.??.??"]

1. c4 e5 2. g3 Nc6 3. Bg2 Nf6 4. Nc3 Be7 5. d3 h6 6. Nf3 O-O 7. O-O d6 8. Rb1
a5 9. a3 Be6 10. b4 axb4 11. axb4 Qd7 12. b5 1/2-1/2

[Event "SR 2. liga A 2002/2003"]
[Site "?"]
[Date "2003.03.16"]
[Round "11.3"]
[White "Skreno, Vladimir"]
[Black "Sarmir, Milos"]
[Result "1-0"]
[WhiteElo "2116"]
[BlackElo "2149"]
[PlyCount "119"]
[EventDate "2002.??.??"]

1. d4 Nf6 2. Nf3 e6 3. c4 d5 4. Bg5 Be7 5. e3 Nbd7 6. Nc3 h6 7. Bxf6 Nxf6 8.
cxd5 exd5 9. Be2 O-O 10. O-O Bf5 11. a3 Ne4 12. Nd2 Nxc3 13. bxc3 Re8 14. Qb3
b6 15. Bb5 Rf8 16. Bc6 Rb8 17. Qxd5 Qc8 18. e4 Be6 19. Qh5 Bg4 20. Qb5 a6 21.
Qd3 Qe6 22. Bd5 Qc8 23. f4 Be6 24. Bc6 f5 25. e5 Kh8 26. a4 Bd7 27. Bxd7 Qxd7
28. Qxa6 c5 29. Qb5 Qxb5 30. axb5 Rfd8 31. Ra7 Bf8 32. Nf3 cxd4 33. cxd4 Bb4
34. Ra4 Be7 35. Rc1 Rd5 36. Rc7 Bd8 37. Rf7 Rxb5 38. Raa7 Ra5 39. Rxg7 b5 40.
Rgb7 Rxb7 41. Rxb7 b4 42. Rxb4 Kg7 43. Rb7+ Kg6 44. Rd7 Ra8 45. Kf2 Ra2+ 46.
Kg3 Ba5 47. Rd6+ Kg7 48. Rf6 Re2 49. Ra6 Bb4 50. Ra4 Bf8 51. Rc4 Ra2 52. d5 Kf7
53. Rc7+ Ke8 54. d6 Ra8 55. Kh3 Rd8 56. Nh4 Rd7 57. Rc8+ Rd8 58. Rxd8+ Kxd8 59.
Nxf5 Kd7 60. Nd4 1-0

[Event "SR 2. liga A 2002/2003"]
[Site "?"]
[Date "2003.03.16"]
[Round "11.3"]
[White "Szollos, Ondrej"]
[Black "Lauf, Pavol"]
[Result "0-1"]
[WhiteElo "2106"]
[BlackElo "2135"]
[PlyCount "126"]
[EventDate "2002.??.??"]

1. Nf3 g6 2. d3 Bg7 3. c3 Nf6 4. Bg5 d6 5. e4 e5 6. Be2 O-O 7. Qc1 Re8 8. O-O
c6 9. Re1 Nbd7 10. a4 Nf8 11. Nbd2 Ne6 12. Bh4 Nf4 13. Nf1 Qc7 14. Bg5 Ne6 15.
Bd2 d5 16. Ng3 dxe4 17. dxe4 Nc5 18. Qc2 Be6 19. c4 a5 20. Bc3 Nfd7 21. Ng5 Nf8
22. b4 axb4 23. Bxb4 Nfd7 24. Red1 Bf8 25. Bc3 f6 26. Nxe6 Nxe6 27. h4 Ndc5 28.
Bg4 Red8 29. a5 Nd4 30. Bxd4 exd4 31. Qb2 Qf4 32. Bf3 Qxh4 33. a6 bxa6 34. Qb6
Rac8 35. e5 fxe5 36. Bxc6 Qf6 37. Bd5+ Kg7 38. Qxf6+ Kxf6 39. f3 Rd6 40. Ra5
Rb6 41. Ne4+ Nxe4 42. fxe4 Bb4 43. Ra2 a5 44. Rf2+ Kg5 45. Rdf1 d3 46. Rf3 d2
47. Rg3+ Kh4 48. Rh3+ Kg4 49. Rd3 h5 50. Kh2 Kg5 51. Kh3 a4 52. Rf7 Kh6 53. g4
a3 54. g5+ Kxg5 55. Rh7 Rf6 56. Rg3+ Kf4 57. Rd3 g5 58. Kg2 g4 59. Rxh5 a2 60.
Rh1 Rc5 61. Rb3 Ra5 62. Rxb4 a1=Q 63. Rbb1 Qc3 0-1

[Event "SR 2. liga A 2002/2003"]
[Site "?"]
[Date "2003.03.16"]
[Round "11.4"]
[White "Bury, Rastislav"]
[Black "Toth_Vano, Peter"]
[Result "0-1"]
[WhiteElo "1984"]
[BlackElo "2088"]
[PlyCount "126"]
[EventDate "2002.??.??"]

1. d4 d5 2. c4 e6 3. Nc3 Nf6 4. Bg5 Nbd7 5. Nf3 Be7 6. e3 O-O 7. Bd3 dxc4 8.
Bxc4 c6 9. O-O Nd5 10. Bxe7 Qxe7 11. Rc1 N5b6 12. Bb3 e5 13. d5 cxd5 14. Bxd5
Nf6 15. Qb3 e4 16. Nd4 Qe5 17. Bc4 Ng4 18. g3 Qh5 19. h4 Ne5 20. Be2 Nf3+ 21.
Bxf3 exf3 22. Qb5 Qg4 23. Qg5 Nc4 24. Ne4 Qxg5 25. Nxg5 Nxb2 26. Ngxf3 Bh3 27.
Rfd1 Nxd1 28. Rxd1 Bg4 29. Rb1 Bxf3 30. Nxf3 b6 31. Nd4 Rfc8 32. a4 Rc5 33. Nb5
a6 34. Nd6 Rc6 35. Nf5 Kf8 36. Nd4 Rc4 37. Ra1 Rac8 38. Kg2 Rb4 39. Nf5 Rcc4
40. Rd1 Rc8 41. Rd7 Rxa4 42. Nd6 Rc6 43. Nf5 Ke8 44. Re7+ Kd8 45. Rb7 Ra2 46.
Nxg7 Rf6 47. Nh5 Rfxf2+ 48. Kh3 f5 49. g4 Rf3+ 50. Ng3 Rxe3 51. gxf5 Raa3 52.
Kg4 Rxg3+ 53. Kh5 Ra5 54. Rf7 Ke8 55. Rf6 Ke7 56. Rxb6 Rxf5+ 57. Kh6 Rg6+ 58.
Rxg6 hxg6 59. Kxg6 Rf8 60. h5 a5 61. h6 a4 62. h7 Rh8 63. Kg7 Rxh7+ 0-1

[Event "SR 2. liga A 2002/2003"]
[Site "?"]
[Date "2003.03.16"]
[Round "11.4"]
[White "Gasa, Andrej"]
[Black "Gajarsky, Roman"]
[Result "1-0"]
[WhiteElo "2167"]
[BlackElo "2051"]
[PlyCount "89"]
[EventDate "2002.??.??"]

1. e4 e5 2. Nf3 Nf6 3. Nxe5 d6 4. Nf3 Nxe4 5. d4 d5 6. Bd3 Bg4 7. O-O f5 8. c4
c5 9. cxd5 Qxd5 10. Qa4+ Nc6 11. Bc4 Qd6 12. Ne5 Bh5 13. Nxc6 bxc6 14. d5 Qc7
15. f3 Nf6 16. Re1+ Kd8 17. Bd2 a5 18. Qxc6 Qxc6 19. dxc6 Bd6 20. Nc3 Re8 21.
Bd3 Kc7 22. Nb5+ Kxc6 23. Nxd6 Kxd6 24. Bxf5 Bf7 25. Bc3 Rxe1+ 26. Rxe1 Bxa2
27. Ra1 Bg8 28. Rxa5 Rxa5 29. Bxa5 g6 30. Bc2 Nd7 31. Kf2 Ne5 32. Bc3 Bd5 33.
Ke3 Nf7 34. h4 Ke6 35. h5 gxh5 36. Bxh7 Ne5 37. Bg8+ Nf7 38. Kf4 Kd6 39. Bh7
Be6 40. g3 h4 41. gxh4 Bb3 42. h5 Ke7 43. Bg6 Ba2 44. Bg7 c4 45. h6 1-0

[Event "SR 2. liga A 2002/2003"]
[Site "?"]
[Date "2003.03.16"]
[Round "11.4"]
[White "Hecko, Dusan"]
[Black "Mynar, Martin"]
[Result "1-0"]
[WhiteElo "2168"]
[BlackElo "2113"]
[PlyCount "79"]
[EventDate "2002.??.??"]

1. e4 e5 2. Nf3 Nc6 3. Bb5 Bc5 4. O-O Nd4 (4... Nf6 5. Bxc6 dxc6 6. Nxe5 Nxe4
7. Qe2 Qd5) 5. Ba4 Nxf3+ 6. Qxf3 Qf6 7. Qg3 Ne7 8. d3 h6 9. Nc3 O-O 10. Kh1 d6
11. f4 c6 12. Bd2 Qg6 13. Qh4 f6 14. Bb3+ Kh7 15. f5 Qe8 16. Rf3 d5 17. Rh3 Ng8
18. Rf1 Rf7 19. exd5 Rd7 20. Ne4 Bf8 21. dxc6 bxc6 22. Bxg8+ Kxg8 23. Bxh6 Rb8
24. Bc1 Kf7 25. b3 Ke7 26. Ba3+ Kd8 27. Bxf8 Qxf8 28. Qh8 Qxh8 29. Rxh8+ Kc7
30. g4 Rb4 31. Kg2 a5 32. a3 Rb5 33. h4 Bb7 34. Kf2 Rbd5 35. g5 fxg5 36. hxg5
Rd4 37. Ke3 Kb6 38. f6 gxf6 39. gxf6 Ba6 40. f7 1-0

[Event "SR 2. liga A 2002/2003"]
[Site "?"]
[Date "2003.03.16"]
[Round "11.4"]
[White "Kebis, Milos"]
[Black "Srna, Jan"]
[Result "1/2-1/2"]
[WhiteElo "2079"]
[BlackElo "2073"]
[PlyCount "43"]
[EventDate "2002.??.??"]

1. d4 e6 2. Nf3 f5 3. g3 d5 4. Bg2 c6 5. O-O Nf6 6. c4 Be7 7. Nc3 O-O 8. a3
Nbd7 9. cxd5 exd5 10. Ne5 Ne4 11. e3 Nxe5 12. dxe5 Qe8 13. Ne2 Bc5 14. b4 Bb6
15. Bb2 Qh5 16. Nf4 Qh6 17. Qh5 Qg5 18. Qxg5 Nxg5 19. h4 Ne6 20. Nxe6 Bxe6 21.
Bd4 Bxd4 22. exd4 1/2-1/2

[Event "SR 2. liga A 2002/2003"]
[Site "?"]
[Date "2003.03.16"]
[Round "11.4"]
[White "Kovarik, Oto"]
[Black "Puskas, Miroslav"]
[Result "1/2-1/2"]
[WhiteElo "2103"]
[BlackElo "2142"]
[PlyCount "30"]
[EventDate "2002.??.??"]

1. e4 e5 2. Nf3 Nc6 3. Bb5 Nf6 4. O-O Bc5 5. d3 d6 6. c3 O-O 7. h3 a6 8. Bxc6
bxc6 9. d4 exd4 10. cxd4 Bb6 11. Nc3 Bb7 12. Re1 h6 13. Bf4 Re8 14. Qd3 g5 15.
Bh2 Qd7 1/2-1/2

[Event "SR 2. liga A 2002/2003"]
[Site "?"]
[Date "2003.03.16"]
[Round "11.4"]
[White "Seitler, Andrej"]
[Black "Kuna, Vladimir"]
[Result "1/2-1/2"]
[WhiteElo "2133"]
[BlackElo "2159"]
[PlyCount "21"]
[EventDate "2002.??.??"]

1. e4 c5 2. Nc3 d6 3. g3 Nc6 4. Bg2 Nf6 5. d3 g6 6. Be3 Bg7 7. Qd2 O-O 8. Bh6
Bd7 9. Nge2 Rb8 10. O-O Nd4 11. Bxg7 1/2-1/2

[Event "SR 2. liga A 2002/2003"]
[Site "?"]
[Date "2003.03.16"]
[Round "11.5"]
[White "Antol, Ladislav"]
[Black "Kruppa, Dominik"]
[Result "1-0"]
[WhiteElo "2039"]
[BlackElo "2091"]
[PlyCount "80"]
[EventDate "2002.??.??"]

1. e4 c5 2. Nf3 d6 3. d4 cxd4 4. Nxd4 Nf6 5. Nc3 a6 6. Be2 e6 7. O-O Qc7 8. f4
b5 9. Bf3 Bb7 10. a3 Be7 11. Kh1 O-O 12. g4 Re8 13. g5 Nfd7 14. Bg2 Bf8 15. f5
Ne5 16. Qh5 g6 17. Qh3 Qc4 18. Be3 Nbc6 19. Nde2 exf5 20. b3 Qe6 21. exf5 gxf5
22. Nf4 Qd7 23. Nh5 Bg7 24. Nd5 Ng4 25. Nhf6+ Bxf6 26. Nxf6+ Nxf6 27. gxf6 Kh8
28. Bh6 Rg8 29. Bg7+ Rxg7 30. fxg7+ Kxg7 31. Rg1 Kh8 32. Qh4 Qd8 33. Qh6 f6 34.
Bd5 Qe7 35. Rae1 Ne5 36. Bxb7 Qxb7+ 37. Rg2 Ng4 38. Qh4 Rg8 39. h3 Ne3 40.
Qxf6+ Rg7 1-0

[Event "SR 2. liga A 2002/2003"]
[Site "?"]
[Date "2003.03.16"]
[Round "11.5"]
[White "Kollarik, Gorazd"]
[Black "Skapikova, Lubica"]
[Result "1-0"]
[WhiteElo "1820"]
[BlackElo "2050"]
[PlyCount "89"]
[EventDate "2002.??.??"]

1. d4 Nf6 2. c4 g6 3. Nc3 Bg7 4. e4 d6 5. Be2 O-O 6. Nf3 Nbd7 7. Be3 c5 8. d5
Re8 9. O-O Nf8 10. h3 a6 11. Qd2 Qc7 12. Bh6 e5 13. Nh2 Rb8 14. Bxg7 Kxg7 15.
a4 Ng8 16. Bg4 h5 17. Bxc8 Qxc8 18. g4 Nf6 19. f3 N8h7 20. Kg2 Qd8 21. g5 Nd7
22. h4 Re7 23. Rf2 Qe8 24. Raf1 Nb6 25. b3 Nd7 26. Kh1 Nhf8 27. f4 exf4 28.
Qxf4 Nh7 29. Nf3 Rd8 30. Qxd6 Ne5 31. Qxc5 Ng4 32. Re2 Rc8 33. Qd4+ Kg8 34. e5
Qd8 35. Rfe1 Qc7 36. d6 Rd7 37. dxc7 Rxd4 38. Nxd4 Rxc7 39. e6 fxe6 40. Rxe6
Rd7 41. Nd5 Nf8 42. Re7 Rd6 43. Rxb7 Nd7 44. Re7 Nge5 45. Rc7 1-0

[Event "SR 2. liga A 2002/2003"]
[Site "?"]
[Date "2003.03.16"]
[Round "11.5"]
[White "Nicolini, Alexander"]
[Black "Samko, Karol"]
[Result "1-0"]
[WhiteElo "2100"]
[BlackElo "1974"]
[PlyCount "68"]
[EventDate "2002.??.??"]

1. e4 c5 2. Nf3 Nc6 3. c3 Nf6 4. e5 Nd5 5. d4 cxd4 6. cxd4 e6 7. Nc3 Nxc3 8.
bxc3 d5 9. exd6 Bxd6 10. Bd3 Ne7 11. O-O Ng6 12. Re1 O-O 13. Ng5 Be7 14. Qh5
Bxg5 15. Bxg5 f6 16. Bd2 Qd5 17. Qe2 Re8 18. Be4 Qd7 19. Qh5 f5 20. Bc2 b6 21.
Re3 Bb7 22. Rh3 Nf8 23. Bf4 Qf7 24. Qh4 g6 25. Bb3 Rac8 26. Rc1 Nd7 27. Bg5 b5
28. Re3 Bd5 29. Bf4 Nf6 30. Be5 Ng4 31. Ree1 Nxe5 32. Rxe5 Bxb3 33. axb3 a6 34.
Qg3 Qc7 {time} 1-0

[Event "SR 2. liga A 2002/2003"]
[Site "?"]
[Date "2003.03.16"]
[Round "11.5"]
[White "Syrovy, Ivan"]
[Black "Chovanec, Vladimir"]
[Result "0-1"]
[WhiteElo "2066"]
[BlackElo "2057"]
[PlyCount "148"]
[EventDate "2002.??.??"]

1. e4 d6 2. d4 Nf6 3. Nc3 c6 4. f4 g6 5. Nf3 Bg7 6. Bd3 O-O 7. O-O Na6 8. a3
Nc7 9. e5 dxe5 10. dxe5 Nfd5 11. Qe1 Nxc3 12. Qxc3 Nd5 13. Qe1 Bg4 14. h3 Bxf3
15. Rxf3 e6 16. c4 Ne7 17. Qc3 Qc7 18. Be3 b6 19. Rc1 Rad8 20. Be4 Rd7 21. Rff1
Rfd8 22. Qb3 g5 23. Qc2 h6 24. fxg5 hxg5 25. Qf2 Rf8 26. Bxg5 Qxe5 27. Qh4 Qd4+
28. Kh1 Nf5 29. Bxf5 Qxh4 30. Bxh4 exf5 31. Rxf5 Bxb2 32. Rcf1 Re8 33. Bf6 Bxf6
34. Rxf6 Re6 35. Kh2 c5 36. R6f4 Re2 37. h4 Rdd2 38. Rg4+ Kf8 39. h5 Re5 40.
Rh4 Rg5 41. Rg1 Kg7 42. h6+ Kh7 43. Kh1 Rd4 44. g4 f5 45. Re1 Rdxg4 46. Re7+
Kg6 47. Rg7+ Kf6 48. Rxg4 Rxg4 49. Rxa7 Rh4+ 50. Kg2 Rxh6 51. Ra6 Ke5 52. a4
Rd6 53. Kf2 Rd2+ 54. Ke3 Rb2 55. a5 bxa5 56. Rxa5 Rb3+ 57. Ke2 Kd4 58. Ra7 f4
59. Rf7 f3+ 60. Kd1 Kxc4 61. Kc2 Ra3 62. Kb2 Re3 63. Kc2 Kd4 64. Kd2 Re2+ 65.
Kd1 Ke3 66. Re7+ Kf2 67. Rc7 Re5 68. Rf7 Rd5+ 69. Kc2 Ke2 70. Re7+ Kf1 71. Rf7
f2 72. Rf6 Kg2 73. Rg6+ Kf3 74. Rf6+ Kg3 0-1

[Event "SR 2. liga A 2002/2003"]
[Site "?"]
[Date "2003.03.16"]
[Round "11.5"]
[White "Zacik, Anton"]
[Black "Raczko, Peter"]
[Result "1/2-1/2"]
[WhiteElo "2113"]
[BlackElo "2067"]
[PlyCount "68"]
[EventDate "2002.??.??"]

1. e4 d6 2. d4 Nf6 3. Nc3 g6 4. Be3 Bg7 5. Qd2 c6 6. Bh6 O-O 7. h4 e5 8. Bxg7
Kxg7 9. O-O-O Qa5 10. f3 b5 11. h5 b4 12. hxg6 fxg6 13. Qh6+ Kf7 14. Bc4+ Ke8
15. Nce2 d5 16. Bb3 dxe4 17. fxe4 Nbd7 18. Nf3 Ba6 19. Rhe1 Rc8 20. dxe5 Nxe5
21. Nxe5 Qxe5 22. Nf4 Rb8 23. Ne6 Rf7 24. Ng7+ Ke7 25. Bxf7 Kxf7 26. g4 Rg8 27.
g5 Qf4+ 28. Kb1 Rxg7 29. e5 Ne8 30. Rd7+ Kg8 31. Qh3 Bc4 32. Rxg7+ Nxg7 33.
Qc8+ Qf8 34. Qxc6 Be6 1/2-1/2

[Event "SR 2. liga A 2002/2003"]
[Site "?"]
[Date "2003.03.16"]
[Round "11.6"]
[White "Fedor, Miroslav"]
[Black "Slovik, Vojtech"]
[Result "1-0"]
[WhiteElo "1782"]
[BlackElo "2030"]
[PlyCount "66"]
[EventDate "2002.??.??"]

1. d4 e6 2. c4 Nf6 3. Nf3 b6 4. g3 Bb7 5. Bg2 d5 6. cxd5 Nxd5 7. O-O Be7 8. Ne5
O-O 9. Bd2 Bf6 10. Nf3 c5 11. e4 Nc7 12. e5 Be7 13. Bc3 cxd4 14. Qxd4 Nc6 15.
Qg4 Nd5 16. Bd2 Kh8 17. Nc3 Ncb4 18. Nxd5 Nxd5 19. Bg5 Rc8 20. Rac1 h6 21. Bxe7
Qxe7 22. a3 Rc5 23. Rxc5 Qxc5 24. Qd4 Rc8 25. Rd1 Ba6 26. Bf1 Bxf1 27. Kxf1
Qb5+ 28. Kg2 Rc2 29. Rd2 Rc1 30. Qd3 Qc6 31. Kh3 Rc4 32. Nd4 Qc5 33. f4 Qc6 1-0

[Event "SR 2. liga A 2002/2003"]
[Site "?"]
[Date "2003.03.16"]
[Round "11.6"]
[White "Palka, Miroslav"]
[Black "Slamena, Michal"]
[Result "0-1"]
[WhiteElo "2010"]
[BlackElo "1768"]
[PlyCount "106"]
[EventDate "2002.??.??"]

1. c4 Nf6 2. Nc3 e5 3. g3 Bb4 4. Bg2 O-O 5. e4 b6 6. Nge2 Bb7 7. O-O Nc6 8. a3
Bxc3 9. bxc3 Re8 10. d3 h6 11. f4 Kh7 12. Be3 d6 13. h3 g6 14. Qd2 Ng8 15. fxe5
Nxe5 16. Rf2 Qe7 17. Raf1 Rf8 18. Nf4 Nf6 19. Nd5 Bxd5 20. Rxf6 Nd7 21. R6f2
Be6 22. Bxh6 f6 23. Bxf8 Rxf8 24. Qf4 Kg7 25. g4 g5 26. Qg3 Rh8 27. Qe3 Rh6 28.
Rb1 Ne5 29. Bf1 Bxg4 30. hxg4 Nxg4 31. Qg3 Nxf2 32. Kxf2 Qe8 33. Rb4 Qh5 34.
Rb1 Qe8 35. Bh3 Rh4 36. Ke3 Qe5 37. Rg1 Rf4 38. Bf5 Rxf5 39. Qxe5 Rxe5 40. Rb1
f5 41. Kd4 f4 42. c5 Rxc5 43. c4 Kg6 44. Kc3 g4 45. Rf1 f3 46. Kd4 Ra5 47. a4
Kg5 48. Ke3 Rxa4 49. Rf2 a5 50. Rh2 Ra1 51. Rh7 Re1+ 52. Kf2 Re2+ 53. Kf1 Kf4
0-1

[Event "SR 2. liga A 2002/2003"]
[Site "?"]
[Date "2003.03.16"]
[Round "11.6"]
[White "Pusec, Pavel"]
[Black "Janecek, Jan"]
[Result "1/2-1/2"]
[WhiteElo "2117"]
[BlackElo "1982"]
[PlyCount "23"]
[EventDate "2002.??.??"]

1. d4 Nf6 2. Nf3 g6 3. Nc3 d5 4. e3 c6 5. Bd3 Bg7 6. Ne5 O-O 7. O-O Nbd7 8. f4
Ne8 9. Ne2 f6 10. Nxd7 Bxd7 11. e4 e5 12. fxe5 1/2-1/2

[Event "SR 2. liga A 2002/2003"]
[Site "?"]
[Date "2003.03.16"]
[Round "11.6"]
[White "Stefan, Oldrich"]
[Black "Kralovic, Andrej"]
[Result "1-0"]
[WhiteElo "2062"]
[BlackElo "2055"]
[PlyCount "67"]
[EventDate "2002.??.??"]

1. d4 Nf6 2. Nf3 g6 3. g3 Bg7 4. Bg2 O-O 5. c4 d6 6. O-O Nbd7 7. Nc3 e5 8. e4
c6 9. h3 Qc7 10. Qc2 Re8 11. Be3 Nf8 12. Rad1 Bd7 13. c5 Qc8 14. cxd6 exd4 15.
Bxd4 Bxh3 16. e5 Bxg2 17. Kxg2 Nh5 18. Ne2 Qd7 19. Qc4 Ne6 20. Bc3 Bh6 21. Qh4
Qd8 22. Qh2 Qd7 23. Rh1 Nf8 24. Qh4 Qd8 25. Qc4 Ne6 26. Kf1 Bf8 27. b3 Nhg7 28.
Bb2 Nf5 29. Qg4 Nh6 30. Qh3 Ng5 31. Nxg5 Qxg5 32. d7 Re6 33. Nf4 Be7 34. Nxe6
1-0

[Event "SR 2. liga A 2002/2003"]
[Site "?"]
[Date "2003.03.16"]
[Round "11.6"]
[White "Vach, Jozef"]
[Black "Bukovsky, Milan"]
[Result "1-0"]
[WhiteElo "1860"]
[BlackElo "2056"]
[PlyCount "121"]
[EventDate "2002.??.??"]

1. d4 Nf6 2. c4 d5 3. cxd5 Nxd5 4. e4 Nf6 5. Nc3 e6 6. Bg5 Be7 7. e5 Nd5 8.
Bxe7 Nxe7 9. Rc1 Nbc6 10. Nf3 O-O 11. Bd3 h6 12. O-O Nb4 13. Bb1 Bd7 14. a3 Na6
15. b4 Rc8 16. Qd3 Ng6 17. g3 Nb8 18. Nh4 Be8 19. Rfd1 Nc6 20. Nxg6 fxg6 21.
Qe4 Qg5 22. f4 Qg4 23. d5 exd5 24. Nxd5 Bd7 25. Qxg6 Qxg6 26. Bxg6 Bg4 27. Re1
Be6 28. Be4 Rfd8 29. Ne3 Kf8 30. Bxc6 bxc6 31. Rxc6 Bd7 32. Rc3 Bb5 33. Rec1
Rd3 34. Rxd3 Bxd3 35. Rc3 Be4 36. Kf2 Ke7 37. Ke2 Ke6 38. Nc4 Rd8 39. Ke3 Bg2
40. Nd2 Rc8 41. Ne4 Bf1 42. Rc6+ Kd5 43. Rg6 Bg2 44. Nc5 Rg8 45. Ne6 c6 46.
Rxg7 Rxg7 47. Nxg7 Bh3 48. Ne8 c5 49. bxc5 Kxc5 50. Nd6 Kd5 51. Kf3 h5 52. Ne8
a5 53. Nf6+ Kc4 54. g4 hxg4+ 55. Nxg4 Kb3 56. Ne3 Be6 57. f5 Bg8 58. e6 a4 59.
Nd5 Kxa3 60. Nc3 Kb3 61. Nxa4 1-0

[Event "SR 2. liga A 2002/2003"]
[Site "?"]
[Date "2003.03.16"]
[Round "11.7"]
[White "Borik, M."]
[Black "Stepanovic, Branislav"]
[Result "1/2-1/2"]
[WhiteElo "1951"]
[BlackElo "2060"]
[PlyCount "25"]
[EventDate "2002.??.??"]

1. e4 c5 2. Nf3 d6 3. d4 cxd4 4. Nxd4 Nf6 5. Nc3 a6 6. Bd3 Nc6 7. Nb3 e6 8. O-O
Be7 9. Kh1 O-O 10. f4 Re8 11. Be3 Qc7 12. Qe2 e5 13. f5 1/2-1/2

[Event "SR 2. liga A 2002/2003"]
[Site "?"]
[Date "2003.03.16"]
[Round "11.7"]
[White "Hertel, Ondrej"]
[Black "Vach, Pavol"]
[Result "1-0"]
[WhiteElo "1729"]
[BlackElo "1942"]
[PlyCount "83"]
[EventDate "2002.??.??"]

1. d4 f5 2. c4 e6 3. Nf3 Nf6 4. g3 Be7 5. Bg2 c6 6. O-O O-O 7. b3 d5 8. Bb2 Ne4
9. Nbd2 Bf6 10. Ne5 Nd7 11. Ndf3 Qc7 12. Nd3 b6 13. Nfe5 Nxe5 14. dxe5 Be7 15.
Rc1 dxc4 16. Rxc4 Ba6 17. Rc1 Rad8 18. Qc2 c5 19. Rfd1 Bb7 20. Nf4 Kf7 21. f3
g5 22. Nd3 Kg7 23. fxe4 fxe4 24. Ne1 e3 25. Qc3 Bxg2 26. Nxg2 Rf2 27. Qxe3 Rdf8
28. Rf1 Rxf1+ 29. Rxf1 Rd8 30. Qf3 Rf8 31. Qg4 Rxf1+ 32. Kxf1 Qc6 33. Kf2 b5
34. Nf4 Kf7 35. Ng2 Kg7 36. Bc1 h6 37. Nf4 c4 38. Qxe6 Bc5+ 39. e3 Qe4 40. Qd7+
Kh8 41. Qe8+ Kh7 42. Qf7+ 1-0

[Event "SR 2. liga A 2002/2003"]
[Site "?"]
[Date "2003.03.16"]
[Round "11.7"]
[White "Lutter, Ladislav"]
[Black "Karlik, Lubomir"]
[Result "1-0"]
[WhiteElo "2018"]
[BlackElo "1891"]
[PlyCount "79"]
[EventDate "2002.??.??"]

1. d4 d5 2. Nf3 Nf6 3. c4 e6 4. Nc3 c6 5. Bf4 Bd6 6. Bg3 dxc4 7. a4 Nd5 8. Nd2
b5 9. e4 Nxc3 10. bxc3 Bb7 11. Qb1 a6 12. Bxc4 Bxg3 13. hxg3 Qc7 14. Be2 Nd7
15. Bf3 e5 16. Qb2 Rb8 17. axb5 axb5 18. O-O O-O 19. g4 Rfd8 20. Rfd1 Nb6 21.
Nb3 Na4 22. Qc1 Qe7 23. g3 Ra8 24. Rb1 Nb6 25. Nc5 Bc8 26. Kg2 Be6 27. Be2 Na4
28. Nxe6 Qxe6 29. f3 Nb6 30. Rb2 exd4 31. cxd4 Ra4 32. Rbd2 Nc4 33. Rc2 Na5 34.
d5 cxd5 35. Rxd5 Rb8 36. Rxb5 Rd8 37. Qg5 Rc8 38. Rxa5 Rxa5 39. Qxa5 Rxc2 40.
Qd8+ 1-0

[Event "SR 2. liga A 2002/2003"]
[Site "?"]
[Date "2003.03.16"]
[Round "11.7"]
[White "Mosny, Jaroslav"]
[Black "Kastler, Peter"]
[Result "1-0"]
[WhiteElo "2060"]
[BlackElo "1529"]
[PlyCount "123"]
[EventDate "2002.??.??"]

1. d4 d5 2. Nf3 e6 3. c4 Nf6 4. Bg5 Bb4+ 5. Nc3 c6 6. e3 Nbd7 7. cxd5 cxd5 8.
Bd3 O-O 9. O-O h6 10. Bh4 b6 11. Ne5 Qc7 12. Nb5 Qb7 13. Bxf6 Nxf6 14. Rc1 Ne8
15. a3 Be7 16. Qb3 a6 17. Nc3 Rb8 18. Na4 Bd7 19. Nxd7 Qxd7 20. Rc3 Nc7 21.
Rfc1 Rfc8 22. Qc2 Bd6 23. Bxa6 Rd8 24. Bd3 Nb5 25. Bxb5 Qxb5 26. Qb3 Qa5 27.
Rc6 b5 28. Nc5 b4 29. axb4 Rxb4 30. Qa3 Rc4 31. Rf1 Qb5 32. Qa6 Rxc5 33. Rxd6
Rxd6 34. Qa8+ Kh7 35. dxc5 Qxc5 36. Qa3 Qb6 37. Rc1 Rd7 38. Qd3+ g6 39. Qc3 Rb7
40. Rc2 Qa6 41. g3 Rb6 42. Qf6 Qb7 43. h4 h5 44. Qf4 Rc6 45. Rxc6 Qxc6 46.
Qxf7+ Kh6 47. Qf6 Kh7 48. Qe7+ Kg8 49. b4 Qb6 50. Qf6 Kh7 51. Qf7+ Kh6 52. Qf8+
Kh7 53. Qc5 Qa6 54. Kg2 Qb7 55. b5 d4+ 56. Qc6 Qa7 57. b6 Qa1 58. b7 dxe3 59.
b8=Q e2 60. Qd7+ Kh6 61. Qf4+ g5 62. Qxg5# 1-0